000
00310nam a2200097Ia 4500
005
20250424112919.0
008
250424s9999 xx 000 0 und d
300
_a
v. 1326 p. ; 24 cm.
650
_a
Education--Periodicals. Education--United States--Periodicals. Education--Bibliography--Periodicals.
942
_c
SR
999
_c
37844
_d
37844